[Event "Vesterhavsturneringen 2004"]
[Site "Esbjerg"]
[Date "2004.07.07"]
[Round "6"]
[White "Bach, Matthias"]
[Black "Larsen, Peter Elkjaer"]
[Result "1-0"]
[WhiteElo "2354"]
[BlackElo "1901"]
[PlyCount "45"]
[EventDate "2004.??.??"]
[EventType "swiss"]
[EventRounds "9"]
[EventCountry "DEN"]

1. d4 Nf6 2. c4 g6 3. Nc3 d5 4. cxd5 Nxd5 5. g3 Bg7 6. Bg2 Nxc3 7. bxc3 O-O 8.
e3 c5 9. Ne2 cxd4 10. cxd4 Nc6 11. O-O Bf5 12. a4 Qc8 13. Re1 Nb4 14. Ba3 Nc6
15. Rc1 Qd7 16. Nf4 g5 17. Nd3 Bxd3 18. Qxd3 Rfe8 19. Qb5 e5 20. d5 Nb8 21. Rc7
Qd8 22. Qxb7 Na6 23. Rxf7 1-0

[Event "Vesterhavsturneringen 2004"]
[Site "Esbjerg"]
[Date "2004.07.07"]
[Round "6"]
[White "Bernhardsson, Sten"]
[Black "Rasmussen, Kasper Ammitzboll"]
[Result "1/2-1/2"]
[WhiteElo "2115"]
[BlackElo "1896"]
[PlyCount "85"]
[EventDate "2004.??.??"]
[EventType "swiss"]
[EventRounds "9"]
[EventCountry "DEN"]

1. d4 Nf6 2. c4 g6 3. Nc3 Bg7 4. e4 d6 5. Nf3 O-O 6. Be2 e5 7. Be3 Ng4 8. Bg5
f6 9. Bh4 Nc6 10. d5 Ne7 11. Nd2 Nh6 12. f3 c5 13. dxc6 bxc6 14. Rb1 Be6 15.
O-O Kh8 16. b4 g5 17. Bf2 f5 18. b5 d5 19. cxd5 cxd5 20. exd5 Nxd5 21. Nxd5
Bxd5 22. Bc4 g4 23. Qb3 Bxc4 24. Nxc4 gxf3 25. Qxf3 e4 26. Qf4 Ng4 27. Rfd1 Qe7
28. Qd6 Qxd6 29. Nxd6 Nxf2 30. Kxf2 Kg8 31. a4 Be5 32. g3 Rf6 33. Nc4 Bc7 34.
Rd7 Bb6+ 35. Ke2 Rc8 36. Ne3 f4 37. gxf4 Rxf4 38. Rg1+ Kf8 39. Rxh7 Rc3 40.
Rh8+ Ke7 41. Rh7+ Kf8 42. Rh8+ Kf7 43. Rh7+ 1/2-1/2

[Event "Vesterhavsturneringen 2004"]
[Site "Esbjerg"]
[Date "2004.07.07"]
[Round "6"]
[White "Carlstedt, Jonathan"]
[Black "Christensen, Henrik"]
[Result "0-1"]
[WhiteElo "2009"]
[BlackElo "1874"]
[PlyCount "62"]
[EventDate "2004.??.??"]
[EventType "swiss"]
[EventRounds "9"]
[EventCountry "DEN"]

1. c4 g6 2. Nf3 Nf6 3. Nc3 Bg7 4. g3 d6 5. Bg2 O-O 6. O-O c6 7. e4 Bg4 8. h3
Bxf3 9. Bxf3 Nbd7 10. d4 Qc8 11. Bg2 e5 12. Be3 Ne8 13. f4 Qd8 14. fxe5 dxe5
15. d5 c5 16. Kh1 Nd6 17. Qd2 a6 18. a3 f5 19. b4 b6 20. bxc5 bxc5 21. Qd3 Rb8
22. Rf2 Qa5 23. Bg5 Rb3 24. Bd2 Nb6 25. Qc2 Rxa3 26. Raf1 Nbxc4 27. Nb1 Nxd2
28. Nxa3 Nxf1 29. Nc4 Nxc4 30. Qxc4 Ne3 31. Qd3 Qe1+ 0-1

[Event "Vesterhavsturneringen 2004"]
[Site "Esbjerg"]
[Date "2004.07.07"]
[Round "6"]
[White "Dyrgaard, Kristoffer"]
[Black "Flindt, Thomas"]
[Result "1/2-1/2"]
[WhiteElo "1890"]
[BlackElo "2117"]
[PlyCount "75"]
[EventDate "2004.??.??"]
[EventType "swiss"]
[EventRounds "9"]
[EventCountry "DEN"]

1. e4 Nc6 2. Nf3 e6 3. Nc3 Bb4 4. Ne2 d5 5. e5 d4 6. c3 dxc3 7. bxc3 Ba5 8. d4
Nge7 9. Bd2 Nf5 10. Ng3 Nxg3 11. fxg3 Ne7 12. Bd3 c5 13. O-O cxd4 14. cxd4 Bxd2
15. Qxd2 h6 16. Qf4 Nd5 17. Qg4 Rg8 18. Rae1 Bd7 19. Bh7 Rf8 20. Qxg7 Qe7 21.
Rc1 Bc6 22. Nd2 Ne3 23. Rf2 Qb4 24. Nb3 a5 25. Nc5 O-O-O 26. Be4 Qxd4 27. Bxc6
Qxc5 28. Bxb7+ Kb8 29. Rff1 Nc4+ 30. Kh1 Kxb7 31. Rxf7+ Rxf7 32. Qxf7+ Ka6 33.
h3 Qd5 34. Qc7 Nxe5 35. Rb1 Nc4 36. Rc1 Ne5 37. Rb1 Nc4 38. Rc1 1/2-1/2

[Event "Vesterhavsturneringen 2004"]
[Site "Esbjerg"]
[Date "2004.07.07"]
[Round "6"]
[White "Grove, Peter"]
[Black "Henriksen, Rene"]
[Result "1-0"]
[WhiteElo "1670"]
[BlackElo "1293"]
[PlyCount "37"]
[EventDate "2004.??.??"]
[EventType "swiss"]
[EventRounds "9"]
[EventCountry "DEN"]

1. e4 e5 2. Nc3 Nf6 3. f4 Nc6 4. fxe5 Nxe5 5. d4 Nc6 6. Nf3 d6 7. Bb5 Bd7 8.
O-O a6 9. Bc4 b5 10. Bb3 Na5 11. e5 Nxb3 12. axb3 dxe5 13. dxe5 Bc5+ 14. Kh1
Ng4 15. Ne4 Ne3 16. Bxe3 Bxe3 17. Qd3 Bb6 18. Nfg5 O-O 19. Nf6+ 1-0

[Event "Vesterhavsturneringen 2004"]
[Site "Esbjerg"]
[Date "2004.07.07"]
[Round "6"]
[White "Hagesaether, Torill"]
[Black "Kjaergaard Jensen, Jesper"]
[Result "0-1"]
[WhiteElo "1980"]
[BlackElo "2124"]
[PlyCount "104"]
[EventDate "2004.??.??"]
[EventType "swiss"]
[EventRounds "9"]
[EventCountry "DEN"]

1. e4 d5 2. exd5 Qxd5 3. Nc3 Qa5 4. d4 c6 5. Bc4 Nf6 6. Bd2 Qc7 7. Qe2 Bf5 8.
O-O-O e6 9. Nf3 Bg4 10. h3 Bxf3 11. Qxf3 Nbd7 12. Rhe1 O-O-O 13. g4 h6 14. Ne4
Nxe4 15. Qxe4 Nf6 16. Qe5 Bd6 17. Qa5 Qxa5 18. Bxa5 Bf4+ 19. Kb1 b6 20. Bb4 Rd7
21. Be2 Rhd8 22. b3 a5 23. Bc3 Kc7 24. a4 Ne4 25. Kb2 Nxf2 26. Rb1 Ne4 27. Rbd1
Nxc3 28. Kxc3 e5 29. d5 cxd5 30. Bb5 Re7 31. Kb2 e4 32. Re2 g5 33. Kb1 Rd6 34.
Bd3 Kd8 35. Bb5 Rc7 36. Kb2 Be5+ 37. Kb1 Rc3 38. Rh1 Rg3 39. Ree1 Ke7 40. Be2
Re3 41. Bb5 Rg3 42. Be2 Ke6 43. h4 Bf4 44. hxg5 Bxg5 45. Bd1 Ke5 46. Kb2 Rf6
47. Ref1 Rf4 48. Be2 Rxf1 49. Rxf1 Bf4 50. Bd1 d4 51. Be2 Rg2 52. Bc4 f6 0-1

[Event "Vesterhavsturneringen 2004"]
[Site "Esbjerg"]
[Date "2004.07.07"]
[Round "6"]
[White "Hansen, Hans Valdemar"]
[Black "Jessen, Ernst J"]
[Result "1-0"]
[WhiteElo "1763"]
[BlackElo "1633"]
[PlyCount "69"]
[EventDate "2004.??.??"]
[EventType "swiss"]
[EventRounds "9"]
[EventCountry "DEN"]

1. e4 Nf6 2. e5 Nd5 3. d4 d6 4. c4 Nb6 5. exd6 exd6 6. Nf3 Be7 7. Bd3 Bg4 8.
O-O O-O 9. Nc3 N8d7 10. b4 Nf6 11. Re1 Re8 12. Bg5 Nbd7 13. h3 Bxf3 14. Qxf3 c6
15. c5 d5 16. a4 Nf8 17. Re5 N6d7 18. Rxe7 Rxe7 19. Bxe7 Qxe7 20. b5 Qf6 21.
Qg4 Nxc5 22. Bf5 Nce6 23. Rd1 g6 24. Bc2 Rd8 25. Ne2 Rd6 26. f4 Qd8 27. f5 Nc7
28. Bd3 cxb5 29. axb5 a5 30. Ng3 Kh8 31. Qf4 Qf6 32. Rc1 Nce6 33. Qxd6 Qxd4+
34. Kh2 Qxd3 35. fxe6 1-0

[Event "Vesterhavsturneringen 2004"]
[Site "Esbjerg"]
[Date "2004.07.07"]
[Round "6"]
[White "Hansen, John Nyholm"]
[Black "Fyhn, Karsten"]
[Result "1-0"]
[WhiteElo "2021"]
[BlackElo "1796"]
[PlyCount "43"]
[EventDate "2004.??.??"]
[EventType "swiss"]
[EventRounds "9"]
[EventCountry "DEN"]

1. e4 e5 2. Nf3 Nf6 3. Nxe5 d6 4. Nf3 Nxe4 5. d4 d5 6. Bd3 Bd6 7. O-O O-O 8. c4
c6 9. cxd5 cxd5 10. Nc3 Re8 11. Qc2 f5 12. Nxd5 Be6 13. Nc3 Nxc3 14. bxc3 Qf6
15. Re1 Nd7 16. Bg5 Qf7 17. Rxe6 Qxe6 18. Bxf5 Qf7 19. Bxh7+ Kh8 20. Bg6 Qf8
21. Bxe8 Rxe8 22. Qg6 1-0

[Event "Vesterhavsturneringen 2004"]
[Site "Esbjerg"]
[Date "2004.07.07"]
[Round "6"]
[White "Hartvig, Ove Weiss"]
[Black "Jensen, Henrik Tranberg"]
[Result "1-0"]
[WhiteElo "2212"]
[BlackElo "2035"]
[PlyCount "45"]
[EventDate "2004.??.??"]
[EventType "swiss"]
[EventRounds "9"]
[EventCountry "DEN"]

1. e4 d5 2. exd5 Qxd5 3. Nc3 Qd8 4. d4 Nf6 5. Nf3 g6 6. Be3 Bg7 7. Qd2 O-O 8.
Bh6 Bg4 9. Bxg7 Kxg7 10. Ne5 Nc6 11. Nxg4 Nxg4 12. d5 Nb8 13. O-O-O Nd7 14. f3
Ngf6 15. h4 Re8 16. h5 Nxh5 17. Bb5 e5 18. dxe6 Ndf6 19. Qg5 h6 20. Qh4 g5 21.
Qh2 Qe7 22. Bxe8 Rxe8 23. g4 1-0

[Event "Vesterhavsturneringen 2004"]
[Site "Esbjerg"]
[Date "2004.07.07"]
[Round "6"]
[White "Hein, Jacob"]
[Black "Jensen, Thomas Astrup"]
[Result "0-1"]
[WhiteElo "1317"]
[BlackElo "1570"]
[PlyCount "50"]
[EventDate "2004.??.??"]
[EventType "swiss"]
[EventRounds "9"]
[EventCountry "DEN"]

1. d4 Nf6 2. Nf3 e6 3. g3 d5 4. Bg2 c5 5. c3 Nc6 6. O-O Bd7 7. Ne5 Bd6 8. Nxd7
Nxd7 9. e4 dxe4 10. Bxe4 Qc7 11. Be3 cxd4 12. cxd4 h5 13. Nc3 a6 14. Rc1 h4 15.
d5 exd5 16. Nxd5 Qd8 17. Qg4 Kf8 18. Rxc6 bxc6 19. Bd4 Ne5 20. Bxe5 Bxe5 21.
Re1 hxg3 22. Nf4 gxf2+ 23. Kxf2 Qd2+ 24. Re2 Qxf4+ 25. Qxf4 Bxf4 0-1

[Event "Vesterhavsturneringen 2004"]
[Site "Esbjerg"]
[Date "2004.07.07"]
[Round "6"]
[White "Hjorth, Henrik"]
[Black "Hansen, Mads Kjaer"]
[Result "1/2-1/2"]
[WhiteElo "1625"]
[BlackElo "1331"]
[PlyCount "37"]
[EventDate "2004.??.??"]
[EventType "swiss"]
[EventRounds "9"]
[EventCountry "DEN"]

1. d4 d5 2. c4 Bf5 3. Nc3 e6 4. Nf3 Bb4 5. e3 Bxc3+ 6. bxc3 Ne7 7. Bd3 Bxd3 8.
Qxd3 O-O 9. O-O Nbc6 10. Re1 Na5 11. cxd5 exd5 12. e4 c6 13. e5 Qd7 14. Bf4 Ng6
15. Bg3 Rfe8 16. Ng5 Re7 17. f4 Rae8 18. f5 Nf8 19. Bh4 1/2-1/2

[Event "Vesterhavsturneringen 2004"]
[Site "Esbjerg"]
[Date "2004.07.07"]
[Round "6"]
[White "Hust, Christian Winther"]
[Black "Haagen Larsen, Hans"]
[Result "0-1"]
[WhiteElo "1561"]
[BlackElo "1714"]
[PlyCount "74"]
[EventDate "2004.??.??"]
[EventType "swiss"]
[EventRounds "9"]
[EventCountry "DEN"]

1. e4 e6 2. d4 d5 3. e5 c5 4. c3 Ne7 5. Bg5 Qb6 6. dxc5 Qxb2 7. Nd2 Qxc3 8.
Ngf3 Nec6 9. Rc1 Qa5 10. Qc2 Nd7 11. Be3 Ndxe5 12. Nxe5 Nxe5 13. Be2 Be7 14.
O-O Bd7 15. Nb3 Qc7 16. f4 Nc6 17. Qc3 Bf6 18. Nd4 O-O 19. g4 Bxd4 20. Bxd4
Nxd4 21. Qxd4 Bc6 22. Rf3 f6 23. Rcf1 e5 24. fxe5 fxe5 25. Qd2 Rxf3 26. Rxf3
Qe7 27. Qe3 d4 28. Bc4+ Kh8 29. Qe2 Bxf3 30. Qxf3 e4 31. Qf4 Rd8 32. Be6 d3 33.
Bb3 e3 34. Qf1 Qxc5 35. Qe1 Rf8 36. Qg3 e2+ 37. Kg2 d2 0-1

[Event "Vesterhavsturneringen 2004"]
[Site "Esbjerg"]
[Date "2004.07.07"]
[Round "6"]
[White "Jacobsen, Per"]
[Black "Hansen, Erik Hedegaard"]
[Result "0-1"]
[WhiteElo "1570"]
[BlackElo "1738"]
[PlyCount "100"]
[EventDate "2004.??.??"]
[EventType "swiss"]
[EventRounds "9"]
[EventCountry "DEN"]

1. Nf3 d5 2. g3 c6 3. Bg2 e6 4. O-O Nf6 5. b3 Bd6 6. Bb2 Nbd7 7. Nc3 O-O 8. d3
e5 9. e4 d4 10. Ne2 Nc5 11. Nh4 Bd7 12. f4 Ng4 13. Bc1 exf4 14. Nxf4 g5 15. Nf5
Bxf5 16. exf5 Nf6 17. Ne2 Nd5 18. Bxd5 cxd5 19. Nxd4 Qf6 20. Be3 Rae8 21. Qd2
h6 22. Nb5 Be7 23. Bd4 Qc6 24. a4 a6 25. Nc3 Nd7 26. Na2 Nf6 27. Nb4 Qd6 28. c3
Bd8 29. Kh1 Bc7 30. Bxf6 Qxf6 31. Nxd5 Qc6 32. c4 Re5 33. Qg2 Bd8 34. f6 Qe8
35. Nc3 Ba5 36. Ne4 Qe6 37. Rab1 Bb4 38. Nf2 Re2 39. Qxb7 Bc5 40. Ne4 Qh3 41.
Nf2 Bxf2 42. Qg2 Qxg2+ 43. Kxg2 Bd4+ 44. Kh3 h5 45. Rh1 Bxf6 46. g4 Rfe8 47.
gxh5 R8e3+ 48. Kg4 Rg2+ 49. Kf5 Rf2+ 50. Kg4 Rf4# 0-1

[Event "Vesterhavsturneringen 2004"]
[Site "Esbjerg"]
[Date "2004.07.07"]
[Round "6"]
[White "Jakobsen, Martin Skov"]
[Black "Andersen, Hans Jorgen"]
[Result "1-0"]
[WhiteElo "2139"]
[BlackElo "2060"]
[PlyCount "91"]
[EventDate "2004.??.??"]
[EventType "swiss"]
[EventRounds "9"]
[EventCountry "DEN"]

1. e4 e5 2. Nc3 Nc6 3. Bc4 Nf6 4. d3 Be7 5. f4 d6 6. Nf3 exf4 7. Bxf4 Be6 8.
Bb5 a6 9. Ba4 b5 10. Bb3 Bxb3 11. axb3 O-O 12. O-O Ng4 13. d4 f5 14. Qd3 g5 15.
Bc1 f4 16. Nd5 Nb8 17. c4 c6 18. Nxe7+ Qxe7 19. cxb5 cxb5 20. h3 Nh6 21. e5 d5
22. g4 Nc6 23. Bd2 Kh8 24. Rac1 Rac8 25. Rc5 Nxd4 26. Rxd5 Nxf3+ 27. Rxf3 Rfd8
28. Bb4 Qa7+ 29. Kg2 Rxd5 30. Qxd5 Rc2+ 31. Kf1 Rc1+ 32. Ke2 Qg1 33. Qd3 Qh2+
34. Rf2 f3+ 35. Qxf3 Qxe5+ 36. Kd3 Ng8 37. Bc3 Rxc3+ 38. bxc3 Qd6+ 39. Kc2 Qa3
40. Qe3 Qa2+ 41. Kd3 Qb1+ 42. Kd4 Qg6 43. Qe5+ Qg7 44. Rf7 Qxe5+ 45. Kxe5 Nh6
46. Ra7 1-0

[Event "Vesterhavsturneringen 2004"]
[Site "Esbjerg"]
[Date "2004.07.07"]
[Round "6"]
[White "Jakobsen, Ole"]
[Black "Krabbe, Daniel"]
[Result "1-0"]
[WhiteElo "2379"]
[BlackElo "2044"]
[PlyCount "73"]
[EventDate "2004.??.??"]
[EventType "swiss"]
[EventRounds "9"]
[EventCountry "DEN"]

1. d4 Nf6 2. c4 e6 3. Nc3 Bb4 4. e3 c5 5. Nge2 cxd4 6. exd4 d5 7. a3 Be7 8.
cxd5 Nxd5 9. Qb3 Nf6 10. g3 O-O 11. Bg2 Nc6 12. Be3 Bd7 13. Qa2 Rc8 14. O-O a6
15. Rfd1 Qc7 16. Rac1 Rfd8 17. h3 Be8 18. Nf4 Qb8 19. d5 exd5 20. Ncxd5 Nxd5
21. Nxd5 Bf8 22. Bg5 Rd7 23. Nb6 Rxd1+ 24. Rxd1 Bc5 25. Nxc8 Qxc8 26. Qd5 Bb6
27. Qe4 Bd7 28. Be3 Bc7 29. Kh2 h6 30. f4 Be6 31. b4 h5 32. Bc5 h4 33. g4 Bxg4
34. hxg4 Qxg4 35. Qf3 Bxf4+ 36. Kh1 Qg5 37. Rf1 1-0

[Event "Vesterhavsturneringen 2004"]
[Site "Esbjerg"]
[Date "2004.07.07"]
[Round "6"]
[White "Jensen, Torben Richard"]
[Black "Nielsen, Nicholas Roland"]
[Result "1/2-1/2"]
[WhiteElo "1898"]
[BlackElo "2176"]
[PlyCount "30"]
[EventDate "2004.??.??"]
[EventType "swiss"]
[EventRounds "9"]
[EventCountry "DEN"]

1. c4 f5 2. Nc3 e6 3. g3 Nf6 4. Bg2 c5 5. Nf3 Nc6 6. O-O Be7 7. d4 cxd4 8. Nxd4
O-O 9. e4 fxe4 10. Nxe4 d5 11. Nxf6+ Bxf6 12. Nxe6 Bxe6 13. cxd5 Bd4 14. dxe6
Rxf2 15. Kh1 Qf6 1/2-1/2

[Event "Vesterhavsturneringen 2004"]
[Site "Esbjerg"]
[Date "2004.07.07"]
[Round "6"]
[White "Johansen, Johnny Holler"]
[Black "Rendboe, John Filip"]
[Result "0-1"]
[WhiteElo "1916"]
[BlackElo "2235"]
[PlyCount "52"]
[EventDate "2004.??.??"]
[EventType "swiss"]
[EventRounds "9"]
[EventCountry "DEN"]

1. d4 Nf6 2. Nf3 d5 3. Bg5 e6 4. e3 c5 5. c4 cxd4 6. exd4 Bb4+ 7. Nbd2 Be7 8.
Be2 O-O 9. O-O b6 10. Rc1 Bb7 11. Ne5 Nc6 12. cxd5 Nxd5 13. Nxc6 Bxc6 14. Rxc6
Bxg5 15. Bf3 Qd7 16. Rc1 Rad8 17. Rc2 Nb4 18. Rc4 a5 19. a3 Nd5 20. Ne4 Be7 21.
Qd2 h6 22. Rfc1 f5 23. Ng3 Bg5 24. Qe2 Bxc1 25. Rxc1 Nf4 26. Qe5 Nd3 0-1

[Event "Vesterhavsturneringen 2004"]
[Site "Esbjerg"]
[Date "2004.07.07"]
[Round "6"]
[White "Jorgensen, Miki Worm"]
[Black "Jensen, Alexander Tranberg"]
[Result "1-0"]
[WhiteElo "1333"]
[BlackElo "1255"]
[PlyCount "61"]
[EventDate "2004.??.??"]
[EventType "swiss"]
[EventRounds "9"]
[EventCountry "DEN"]

1. e4 c5 2. Nf3 g6 3. d3 Bg7 4. c3 Nc6 5. Be2 d6 6. O-O Nf6 7. Bg5 O-O 8. Nbd2
Bd7 9. Rc1 Rb8 10. Ne1 e5 11. Nc2 b5 12. Ne3 b4 13. f4 exf4 14. Rxf4 bxc3 15.
bxc3 Re8 16. Qf1 Ne5 17. Bxf6 Bxf6 18. Rxf6 Be6 19. d4 cxd4 20. cxd4 Nd7 21.
Rf2 Bxa2 22. Ra1 Qa5 23. Ndc4 Qa4 24. Rxf7 Rxe4 25. Bd3 Rxd4 26. Rf2 Rf8 27.
Raxa2 Qxa2 28. Rxa2 Rxf1+ 29. Bxf1 d5 30. Nd2 a5 31. Nxd5 1-0

[Event "Vesterhavsturneringen 2004"]
[Site "Esbjerg"]
[Date "2004.07.07"]
[Round "6"]
[White "Kallenbach, Uffe"]
[Black "Dorup, Ivar"]
[Result "0-1"]
[WhiteElo "1434"]
[BlackElo "1690"]
[PlyCount "64"]
[EventDate "2004.??.??"]
[EventType "swiss"]
[EventRounds "9"]
[EventCountry "DEN"]

1. d4 f5 2. h3 d6 3. Bf4 Nf6 4. e3 Nbd7 5. c4 e5 6. dxe5 dxe5 7. Bg5 Bb4+ 8.
Nd2 Nc5 9. Ngf3 O-O 10. a3 Bxd2+ 11. Qxd2 Qe7 12. Rd1 e4 13. Bxf6 Qxf6 14. Qd5+
Ne6 15. Nd4 c6 16. Qa5 b6 17. Qa4 f4 18. Qb3 Nc5 19. Qc2 fxe3 20. fxe3 Qh4+ 21.
Kd2 Rf2+ 22. Ne2 Nd3 23. Qc3 Be6 24. Kc2 b5 25. c5 a5 26. Rd2 Rf5 27. g3 Qe7
28. b4 axb4 29. axb4 Ra2+ 30. Kb1 Qa7 31. Rc2 Ra3 32. Qd4 Rb3+ 0-1

[Event "Vesterhavsturneringen 2004"]
[Site "Esbjerg"]
[Date "2004.07.07"]
[Round "6"]
[White "Klos, Bjarne"]
[Black "Stephensen, Mikkel"]
[Result "1/2-1/2"]
[WhiteElo "1758"]
[BlackElo "1648"]
[PlyCount "97"]
[EventDate "2004.??.??"]
[EventType "swiss"]
[EventRounds "9"]
[EventCountry "DEN"]

1. d4 f5 2. g3 e6 3. Bg2 d5 4. c4 c6 5. Qc2 Be7 6. Nh3 Na6 7. a3 Nc7 8. O-O Nf6
9. Bf4 O-O 10. Nd2 Bd7 11. Rac1 Nce8 12. Be5 Nd6 13. Nf4 Qe8 14. c5 Nde4 15. f3
Nxd2 16. Qxd2 h6 17. Nd3 Nh7 18. e4 Ng5 19. exd5 exd5 20. Rce1 Qd8 21. Nf4 Kh7
22. Re2 Nf7 23. Nd3 b6 24. b4 Re8 25. Rfe1 Nxe5 26. Nxe5 Bf6 27. Qd3 g6 28. Bh3
Kg7 29. f4 Rg8 30. Kf2 Re8 31. Qa6 Bc8 32. Qd3 Qc7 33. Qf3 Bd7 34. Qd3 b5 35.
Qf3 a5 36. g4 fxg4 37. Bxg4 Bxg4 38. Qxg4 g5 39. f5 Bxe5 40. Rxe5 Qf7 41. h4
axb4 42. axb4 Ra2+ 43. R1e2 Rxe5 44. dxe5 Rxe2+ 45. Kxe2 Qe8 46. f6+ Kf8 47. e6
Qg6 48. e7+ Kf7 49. Qd7 1/2-1/2

[Event "Vesterhavsturneringen 2004"]
[Site "Esbjerg"]
[Date "2004.07.07"]
[Round "6"]
[White "Kristensen, Jens"]
[Black "Aagaard, Kasper Bek"]
[Result "1-0"]
[WhiteElo "1689"]
[BlackElo "1452"]
[PlyCount "93"]
[EventDate "2004.??.??"]
[EventType "swiss"]
[EventRounds "9"]
[EventCountry "DEN"]

1. e4 e5 2. Nf3 Nc6 3. Bb5 a6 4. Ba4 Nf6 5. O-O Bc5 6. d3 b5 7. Bb3 d6 8. h3 h6
9. Re1 O-O 10. c3 Ne7 11. d4 exd4 12. cxd4 Bb4 13. Nc3 Ng6 14. Qd3 Re8 15. e5
dxe5 16. Qxg6 Be6 17. Bxe6 Rxe6 18. Qf5 e4 19. Nh2 Qxd4 20. Be3 Qc4 21. Rec1
Bd6 22. Ng4 Nxg4 23. Qxg4 Rae8 24. Qd1 Rg6 25. Nd5 Qd3 26. Qxd3 exd3 27. Nxc7
Bxc7 28. Rxc7 Rd8 29. Rd1 Rgd6 30. Rd2 g5 31. Rc5 Kg7 32. g4 Kg6 33. b4 Rd5 34.
Rc6+ R8d6 35. Rxd6+ Rxd6 36. Bc5 Rd5 37. f3 a5 38. a3 axb4 39. axb4 f5 40. Kf2
f4 41. Ke1 h5 42. Kd1 hxg4 43. hxg4 Kf6 44. Kc1 Ke5 45. Kb2 Ke6 46. Kc3 Re5 47.
Rxd3 1-0

[Event "Vesterhavsturneringen 2004"]
[Site "Esbjerg"]
[Date "2004.07.07"]
[Round "6"]
[White "Kwapinski, Leszek"]
[Black "Nilsson, Jonas Gosta"]
[Result "1/2-1/2"]
[WhiteElo "1785"]
[BlackElo "1698"]
[PlyCount "120"]
[EventDate "2004.??.??"]
[EventType "swiss"]
[EventRounds "9"]
[EventCountry "DEN"]

1. c4 Nf6 2. Nc3 g6 3. g3 Bg7 4. Bg2 c6 5. e3 O-O 6. Nge2 d5 7. cxd5 Nxd5 8.
Nxd5 cxd5 9. d4 Nc6 10. Nc3 e6 11. O-O Bd7 12. b3 Qa5 13. Bd2 Qa6 14. Re1 b6
15. Bf1 Qb7 16. Rc1 Rfd8 17. Qf3 Be8 18. Bd3 Qe7 19. Kg2 f5 20. Qd1 Kh8 21. h4
e5 22. dxe5 Nxe5 23. Bf1 Bc6 24. Kh3 Ng4 25. Qe2 g5 26. f3 gxh4 27. fxg4 fxg4+
28. Kh2 hxg3+ 29. Kg1 Qh4 30. Ne4 Bb5 31. Qg2 Bxf1 32. Rxf1 dxe4 33. Bc3 Bxc3
34. Rxc3 Rf8 35. Rfc1 Rad8 36. R3c2 Qh2+ 37. Qxh2 gxh2+ 38. Kxh2 Rd7 39. Kg3
Rf3+ 40. Kxg4 Rxe3 41. Kf4 Red3 42. Kxe4 h6 43. Rh2 Kh7 44. Rch1 R3d6 45. Ke5
Rg6 46. Kf5 Kg7 47. Ke5 Re7+ 48. Kd4 Rc7 49. Ke5 Rc5+ 50. Kd4 Rcg5 51. Ke4 Rg2
52. Kd5 Kh7 53. Kc4 a6 54. Kd5 Kg7 55. a4 a5 56. Rxg2 Rxg2 57. Kc6 Rg6+ 58. Kb5
Kf7 59. Rh3 Re6 60. b4 axb4 1/2-1/2

[Event "Vesterhavsturneringen 2004"]
[Site "Esbjerg"]
[Date "2004.07.07"]
[Round "6"]
[White "Leimand, Peter Martin"]
[Black "Munch, Anders J"]
[Result "1-0"]
[WhiteElo "2074"]
[BlackElo "1840"]
[PlyCount "67"]
[EventDate "2004.??.??"]
[EventType "swiss"]
[EventRounds "9"]
[EventCountry "DEN"]

1. e4 e6 2. d4 d5 3. Nc3 Bb4 4. e5 c5 5. a3 Bxc3+ 6. bxc3 Ne7 7. Qg4 Qc7 8.
Qxg7 Rg8 9. Qxh7 cxd4 10. Ne2 Nbc6 11. f4 dxc3 12. Qd3 Bd7 13. Nxc3 a6 14. h4
Nf5 15. Rh3 O-O-O 16. Rb1 Qa5 17. Bd2 Ncd4 18. Ne2 Qa4 19. Nxd4 Nxd4 20. Kd1 a5
21. Bxa5 Qxa5 22. Qxd4 Rg4 23. h5 Rh8 24. Rbb3 Kb8 25. g3 Ba4 26. Qb6 Qxb6 27.
Rxb6 Rc8 28. Bd3 Rc3 29. Kc1 Bc6 30. Rb3 d4 31. h6 Rg8 32. h7 Rh8 33. Rxc3 dxc3
34. Rh5 1-0

[Event "Vesterhavsturneringen 2004"]
[Site "Esbjerg"]
[Date "2004.07.07"]
[Round "6"]
[White "Leutenberger, Kevin"]
[Black "Sorensen, Jorn Lindved"]
[Result "1-0"]
[WhiteElo "1669"]
[BlackElo "1784"]
[PlyCount "111"]
[EventDate "2004.??.??"]
[EventType "swiss"]
[EventRounds "9"]
[EventCountry "DEN"]

1. e4 c5 2. d4 cxd4 3. c3 dxc3 4. Nxc3 Nc6 5. Nf3 e6 6. Bc4 a6 7. O-O d6 8. Qe2
Qc7 9. a4 Bd7 10. Bf4 Rc8 11. Ba2 Be7 12. Rac1 Qb8 13. Rfd1 e5 14. Be3 Nf6 15.
Bb6 Bd8 16. Bxd8 Rxd8 17. Nd5 Nxd5 18. Bxd5 Nb4 19. Bxf7+ Kxf7 20. Qc4+ Ke7 21.
Qxb4 Rc8 22. Nxe5 Rxc1 23. Rxc1 Rc8 24. Rd1 Be6 25. b3 b5 26. axb5 a5 27. Qa3
Bxb3 28. Ng6+ hxg6 29. Qxb3 Rc5 30. Qg3 Kf7 31. Qf4+ Kg8 32. g3 Re5 33. Rd5 a4
34. Rd3 Qxb5 35. Rxd6 Qb1+ 36. Kg2 Qxe4+ 37. Qxe4 Rxe4 38. Rxg6 Rb4 39. Ra6 Kh7
40. f4 g6 41. Kh3 Kh6 42. Ra7 Rc4 43. Kg4 Rb4 44. Ra5 Rc4 45. h4 Rb4 46. Ra6
Kg7 47. h5 gxh5+ 48. Kxh5 Rb3 49. g4 a3 50. f5 Rh3+ 51. Kg5 Rb3 52. Ra7+ Kg8
53. Kg6 Kf8 54. f6 Ke8 55. f7+ Kf8 56. Ra8+ 1-0

[Event "Vesterhavsturneringen 2004"]
[Site "Esbjerg"]
[Date "2004.07.07"]
[Round "6"]
[White "Madsen, Svend"]
[Black "Jacobsen, Jacob"]
[Result "0-1"]
[WhiteElo "1502"]
[BlackElo "1825"]
[PlyCount "122"]
[EventDate "2004.??.??"]
[EventType "swiss"]
[EventRounds "9"]
[EventCountry "DEN"]

1. e4 e6 2. d4 d5 3. Nc3 Bb4 4. e5 Ne7 5. Bd2 c5 6. Nb5 O-O 7. c3 Ba5 8. dxc5
Nbc6 9. Nf3 Ng6 10. b4 Bc7 11. Nxc7 Qxc7 12. Bd3 Ncxe5 13. Nxe5 Qxe5+ 14. Qe2
Qxe2+ 15. Bxe2 Bd7 16. f4 a6 17. O-O Ne7 18. c4 dxc4 19. Bxc4 Bc6 20. Bc3 Bb5
21. Bxb5 axb5 22. a3 f6 23. Bb2 Nd5 24. Rae1 Kf7 25. Rf3 Rfe8 26. Rd1 f5 27.
Rg3 g6 28. Rh3 h5 29. Rf3 Ra6 30. g3 Rc8 31. Rc1 Rac6 32. a4 bxa4 33. Ba3 b5
34. Rd3 Rd8 35. h4 Ke7 36. Kf2 Nf6 37. Rcd1 Rxd3 38. Rxd3 Nd5 39. Ke2 Rc8 40.
Ke1 Rc7 41. Kf2 Rd7 42. Kf3 Nf6 43. Rxd7+ Kxd7 44. Bb2 Nd5 45. Ba3 Nc3 46. Ke3
Ne4 47. Kf3 Kc6 48. Bb2 Nd2+ 49. Ke2 Nc4 50. Ba1 a3 51. Kd3 Kd5 52. Bc3 a2 53.
Ba1 Na3 54. Bc3 Nc4 55. Ba1 e5 56. fxe5 Nxe5+ 57. Ke3 Nc6 58. Kf4 Nxb4 59. Kg5
Nc2 60. Bg7 a1=Q 61. Bxa1 Nxa1 0-1

[Event "Vesterhavsturneringen 2004"]
[Site "Esbjerg"]
[Date "2004.07.07"]
[Round "6"]
[White "Munksgaard, Dennis"]
[Black "Hoiberg, Erling"]
[Result "1/2-1/2"]
[WhiteElo "1846"]
[BlackElo "2135"]
[PlyCount "55"]
[EventDate "2004.??.??"]
[EventType "swiss"]
[EventRounds "9"]
[EventCountry "DEN"]

1. e4 c6 2. d4 d5 3. Nc3 dxe4 4. Nxe4 Bf5 5. Ng3 Bg6 6. Nf3 Nd7 7. h4 h6 8. Bd3
Bxd3 9. Qxd3 e6 10. Bd2 Ngf6 11. Ne5 Nxe5 12. dxe5 Qxd3 13. cxd3 Ng4 14. d4 h5
15. f3 Nh6 16. O-O-O Nf5 17. Nxf5 exf5 18. Bg5 Be7 19. Bxe7 Kxe7 20. Rd3 Rhd8
21. Kc2 Rd5 22. g4 fxg4 23. fxg4 c5 24. gxh5 cxd4 25. Rg1 Kf8 26. Rdg3 d3+ 27.
Rxd3 Rxe5 28. Rd7 1/2-1/2